Normal view
MARC view
- السياحة - الادارة - الاردن
Entry Topical Term
001 - CONTROL NUMBER
- control field: 51094
003 - CONTROL NUMBER IDENTIFIER
- control field: JO-AjAnu
005 - DATE AND TIME OF LATEST TRANSACTION
- control field: 20230606082416.0
008 - FIXED-LENGTH DATA ELEMENTS
- fixed length control field: 230606|| aca||aabn | a|a d
040 ## - CATALOGING SOURCE
- Original cataloging agency: JO-AjAnu
- Transcribing agency: JO-AjAnu
150 ## - HEADING--TOPICAL TERM
- Topical term or geographic name entry element: السياحة - الادارة - الاردن
670 ## - SOURCE DATA FOUND
- Source citation: Work cat.: (JO-AjAnu)26115: تاليف أبو رحمة، مروان ... وآخرون: م.مشارك أنس بليبل، م. مشارك ريما الحناوي، م. مشارك هديل الحسن, author 51093, ادارة المنشآت السياحية